Türkiye'de mültecilik (Record no. 9753)
[ view plain ]
| 000 -BAŞLIK | |
|---|---|
| Sabit Uzunlukta Kontrol Alanı | 01336na a2200373 4500 |
| 001 - KONTROL NUMARASI | |
| Denetim Alanı | 18028 |
| 003 - KONTROL NUMARASI IDENTIFIER | |
| Denetim Alanı | MIRAKIL |
| 005 - SON İŞLEM TARİHİ VE ZAMANI | |
| Denetim Alanı | 20181213155255.0 |
| 008 - SABİT-BOY VERİ ELEMANLARI - GENEL BİLGİLER | |
| Sabit Uzunlukta Kontrol Alanı | 161109b tu 000 0 |
| 020 ## - ULUSLARARASI STANDART KİTAP NUMARASI | |
| Uluslararası Standart Kitap Numarası | 9786053993995 |
| 035 ## - SİSTEM KONTROL NUMARASI | |
| Sistem Kontrol Numarası | 18028 |
| 040 ## - KATALOGLAMA KAYNAK | |
| Orijinal Kataloglama Ajansı | Milas |
| Kataloglama Dili | tur |
| Metne Dönüştürmek Ajansı | TR-AnCHP |
| 041 ## - DİL KODU | |
| Metin / Ses Parça Veya Ayrı Başlığın Dil Kodu | tur |
| 082 ## - DEWEY ONLU SINIFLANDIRMA NUMARASI | |
| Sınıflandırma Numarası | 325.21 |
| Ürün Numarası | B55t 2016 |
| 090 ## - SINIFLAMA NUMARASI | |
| Sınıflama Numarası | 325.21 B55t 2016 |
| 100 ## - ANA GİRİŞ - KİŞİSEL İSİM | |
| Kişisel Ad | Biner, Özge |
| 245 ## - BAŞLIK TABLOSU | |
| Başlık | Türkiye'de mültecilik |
| Başlığın Kalan | iltica geçicilik ve yasallık |
| -- | 'Van uydu şehir örneği' |
| Sorumluluk Tablosu, Vb | Özge Biner ; çeviren Ezgi Çakmak |
| 246 ## - UNVAN FORM VARYING | |
| Başlık Doğru / Kısa Başlığı | Van uydu şehir örneği |
| 246 ## - UNVAN FORM VARYING | |
| Başlık Doğru / Kısa Başlığı | İltica geçicilik ve yasallık |
| 260 ## - YAYIN, DAĞITIM, VB | |
| Yayın, Dağıtım, Vb Yeri | İstanbul |
| Yayıncı, Dağıtıcı, Vs Adı | İstanbul Bilgi Üniversitesi Yayınları |
| Yayın, Dağıtım, Vb Tarihi | 2013 |
| 300 ## - FİZİKSEL TANIM | |
| Kapsam | 248 s. |
| Diğer Fiziksel Ayrıntıları | 10 res., 3 grf. , 5 hrt., |
| Boyutlar | 23 sm. |
| 440 ## - SERİSİ TABLOSU / KATMA GİRİŞİ - BAŞLIK | |
| Başlık | İstanbul Bilgi Üniversitesi yayınları |
| Hacim / Ardışık Tanımı | 549 |
| 490 ## - SERİSİ TABLOSU | |
| Seri Beyanı | Göç çalışmaları |
| Hacim / Ardışık Tanımı | 21 |
| 504 ## - KAYNAKÇA VB NOT | |
| Kaynakça Vb Notu | Kaynakça ve dizin var. |
| 650 ## - KONU KATMA GİRİŞ - TOPİKAL DÖNEM | |
| Topikal Süreli Veya Coğrafi Ad Giriş Elemanı | Mülteciler |
| Genel Alt Bölümü | İnsan hakları |
| Coğrafi Alt Bölümü | Türkiye |
| 650 ## - KONU KATMA GİRİŞ - TOPİKAL DÖNEM | |
| Topikal Süreli Veya Coğrafi Ad Giriş Elemanı | Mülteciler |
| Genel Alt Bölümü | Hukuksal durum, yasalar vb. |
| Coğrafi Alt Bölümü | Türkiye |
| 650 ## - KONU KATMA GİRİŞ - TOPİKAL DÖNEM | |
| Topikal Süreli Veya Coğrafi Ad Giriş Elemanı | Göç ve göçmenler |
| Genel Alt Bölümü | Araştırma ve inceleme |
| Coğrafi Alt Bölümü | Türkiye |
| -- | Van |
| 650 ## - KONU KATMA GİRİŞ - TOPİKAL DÖNEM | |
| Topikal Süreli Veya Coğrafi Ad Giriş Elemanı | Göçmenler |
| Genel Alt Bölümü | Örnek olay çalışması |
| Coğrafi Alt Bölümü | Türkiye |
| -- | Van |
| 650 ## - KONU KATMA GİRİŞ - TOPİKAL DÖNEM | |
| Topikal Süreli Veya Coğrafi Ad Giriş Elemanı | İltica hakkı |
| Coğrafi Alt Bölümü | Türkiye |
| 651 ## - KONU KATMA GİRİŞ - COĞRAFİ ADI | |
| Coğrafi İsim | Türkiye |
| Genel Alt Bölümü | Göç politikası |
| 700 ## - KATMA GİRİŞ - KİŞİSEL İSİM | |
| Kişisel Ad | Çakmak, Ezgi |
| 942 ## - EKLENDİ GİRİŞ ELEMANLARI (KOHA) | |
| Sınıflandırma Veya Raf Düzeni Kaynak | |
| Koha Öğesi Türü | Books |
| 999 ## - SİSTEM KONTROL NUMARALARI (KOHA) | |
| Koha Biblionumber | 9753 |
| Koha Biblioitemnumber | 9753 |
| 657 ## - INDEX SÜRE - İŞLEVİ | |
| -- | Mülteci hakları |
| -- | Türkiye |
| Kalıcı Konum | Mevcut Konum | Edinme Tarihi | Edinim Kaynak | Toplam Check-Out'Lar | Tam Çağrı Numarası | Barkod | Tarih Son Görülme | İtibaren Geçerli Fiyatlar | Koha Öğesi Türü |
|---|---|---|---|---|---|---|---|---|---|
| CHP Kütüphanesi | CHP Kütüphanesi | 11/09/2016 | Bağış | 325.21 B55t 2016 | 009302 | 11/09/2016 | 11/09/2016 | Books |
